[Event "Mumbai Mayors Cup 4th"]
[Site "Mumbai"]
[Date "2011.09.17"]
[Round "3"]
[White "Zak, Uri"]
[Black "Rathnakaran, Kantholi"]
[Result "0-1"]
[WhiteElo "2249"]
[BlackElo "2386"]
[PlyCount "94"]
[EventDate "2011.09.16"]
[EventType "swiss"]
[EventRounds "11"]
[EventCountry "IND"]
[SourceTitle "CBM 144 Extra"]
[Source "ChessBase"]
[SourceDate "2011.10.28"]
[SourceVersion "1"]
[SourceVersionDate "2011.10.28"]
[SourceQuality "1"]

1. e4 e6 2. d4 d5 3. Nc3 Nf6 4. e5 Nfd7 5. f4 a6 6. Nf3 c5 7. Be3 b5 8. dxc5 Bxc5 9. Bxc5 Nxc5 10. Qd4 Qe7 11. Qe3 Bb7 12. Ne2 Nbd7 13. Ned4 0-0 14. Bd3 f5 15. 0-0 Ne4 16. Ng5 Nxg5 17. fxg5 g6 18. h4 Rae8 19. a4 bxa4 20. Rxa4 Nc5 21. Ra5 Ne4 22. Nb3 Qc7 23. Qd4 f4 24. Bxe4 dxe4 25. Rc5 Qf7 26. Na5 Ba8 27. Nc4 f3 28. g3 Qf5 29. Kh2 f2 30. Ne3 Qf3 31. Rc3 Rd8 32. Qa7 Rf7 33. Qxa6 Re8 34. Nd5 e3 35. Nxe3 Bb7 36. Qa4 Rc8 37. Rxc8+ Bxc8 38. Qd4 Bb7 39. c4 Be4 40. b4 h6 41. gxh6 Kh7 42. b5 g5 43. Qd8 Qxe3 44. hxg5 Qf3 45. g6+ Kxg6 46. Qg8+ Kxh6 47. Qh8+ Rh7 0-1

[Event "Petah Tikva"]
[Site "Petah Tikva"]
[Date "2010.03.16"]
[Round "4"]
[White "Givon, Asaf"]
[Black "Zak, Uri"]
[Result "1-0"]
[WhiteElo "2225"]
[BlackElo "2261"]
[PlyCount "103"]
[EventDate "2010.03.12"]
[EventType "tourn"]
[EventRounds "9"]
[EventCountry "ISR"]
[EventCategory "3"]
[SourceTitle "CBM 135 Extra"]
[Source "ChessBase"]
[SourceDate "2010.05.04"]
[SourceVersion "1"]
[SourceVersionDate "2010.05.04"]
[SourceQuality "1"]

1. d4 Nf6 2. c4 e6 3. Nf3 d5 4. e3 c6 5. Bd3 Bd6 6. b3 0-0 7. Nbd2 Nbd7 8. Bb2 Bb8 9. 0-0 Qe7 10. Ne5 Nxe5 11. dxe5 Nd7 12. f4 g6 13. Kh1 dxc4 14. Nxc4 Rd8 15. Ba3 c5 16. Qc2 a6 17. Be4 Ra7 18. Rad1 b6 19. Nxb6 Nxb6 20. Bxc5 Qc7 21. Rxd8+ Qxd8 22. Bxb6 Qxb6 23. Qxc8+ Kg7 24. Qc3 Rc7 25. Qd4 Ba7 26. Qd8 Rc3 27. Qf6+ Kh6 28. Qh4+ Kg7 29. Qf6+ Kh6 30. Qxf7 Qb4 31. Bxg6 hxg6 32. Qxa7 Rc2 33. Qd4 Qb5 34. Rg1 Rxa2 35. Qc4 Qb6 36. b4 Rb2 37. Qc5 Qxb4 38. Qxb4 Rxb4 39. Ra1 a5 40. Kg1 a4 41. Kf2 g5 42. Kf3 Kh5 43. g4+ Kh4 44. f5 Rxg4 45. f6 Rb4 46. f7 g4+ 47. Kg2 Rb2+ 48. Kg1 Rb8 49. Rxa4 Kh3 50. Rf4 Rb1+ 51. Rf1 Rb2 52. Rf6 1-0

[Event "Reykjavik op"]
[Site "Reykjavik"]
[Date "2009.03.28"]
[Round "5"]
[White "Zak, Uri"]
[Black "Popovic, Milos T"]
[Result "1/2-1/2"]
[WhiteElo "2198"]
[BlackElo "2400"]
[PlyCount "23"]
[EventDate "2009.03.24"]
[EventType "swiss"]
[EventRounds "9"]
[EventCountry "ISL"]
[SourceTitle "CBM 129 Extra"]
[Source "ChessBase"]
[SourceDate "2009.05.05"]
[SourceVersion "2"]
[SourceVersionDate "2009.05.20"]
[SourceQuality "1"]

1. e4 c5 2. Nf3 Nc6 3. Bb5 e5 4. Nc3 Nge7 5. Bc4 h6 6. d3 g6 7. Nd2 Bg7 8. Nf1 0-0 9. Ne3 a6 10. a4 d6 11. 0-0 Kh7 12. Ned5 1/2-1/2

[Event "Herzliya op"]
[Site "Herzliya"]
[Date "2008.09.12"]
[Round "9"]
[White "Zak, Uri"]
[Black "Volkov, Yuri"]
[Result "1-0"]
[WhiteElo "2208"]
[BlackElo "2066"]
[PlyCount "115"]
[EventDate "2008.09.02"]
[EventType "swiss"]
[EventRounds "9"]
[EventCountry "ISR"]
[SourceTitle "CBM 126 Extra"]
[Source "ChessBase"]
[SourceDate "2008.11.05"]
[SourceVersion "1"]
[SourceVersionDate "2008.11.05"]
[SourceQuality "1"]

1. e4 d5 2. exd5 Nf6 3. c4 c6 4. Nc3 cxd5 5. d4 g6 6. Bg5 Nbd7 7. cxd5 Nxd5 8. Qb3 N5b6 9. Ne4 Nb8 10. Bb5+ Nc6 11. Nf3 Bg7 12. 0-0 0-0 13. Bxc6 bxc6 14. Rfe1 Be6 15. Qa3 Nc4 16. Qc3 h6 17. Nc5 hxg5 18. Nxe6 fxe6 19. Qxc4 Qd5 20. Qxd5 exd5 21. Rxe7 Bf6 22. Rc7 Rae8 23. Kf1 g4 24. Ne5 Bxe5 25. dxe5 Rxe5 26. Rxc6 Ref5 27. Rc2 d4 28. Rd1 Rd8 29. Rd3 Rh5 30. Rc4 Rhd5 31. b4 R8d7 32. Rc5 R5d6 33. Rg5 Kf7 34. a3 Rc7 35. Rxg4 Rc1+ 36. Ke2 Rc4 37. Kd2 Kg7 38. Re4 Rdc6 39. Rexd4 Rc2+ 40. Ke3 Re6+ 41. Re4 Rxe4+ 42. Kxe4 Rxf2 43. g3 Rxh2 44. Rd7+ Kf6 45. Rxa7 Rf2 46. Ra5 Rf1 47. Rc5 g5 48. Rc6+ Ke7 49. Rc3 g4 50. Rd3 Ke6 51. b5 Rb1 52. a4 Kf6 53. Ra3 Kg5 54. a5 Rxb5 55. a6 Rb4+ 56. Kd5 Rb8 57. a7 Rd8+ 58. Kc6 1-0

[Event "Herzliya op"]
[Site "Herzliya"]
[Date "2008.09.09"]
[Round "6"]
[White "Eden, Tomer"]
[Black "Zak, Uri"]
[Result "1-0"]
[WhiteElo "2129"]
[BlackElo "2208"]
[PlyCount "117"]
[EventDate "2008.09.02"]
[EventType "swiss"]
[EventRounds "9"]
[EventCountry "ISR"]
[SourceTitle "CBM 126 Extra"]
[Source "ChessBase"]
[SourceDate "2008.11.05"]
[SourceVersion "1"]
[SourceVersionDate "2008.11.05"]
[SourceQuality "1"]

1. d4 Nf6 2. c4 g6 3. Nc3 d5 4. Nf3 Bg7 5. Qb3 dxc4 6. Qxc4 0-0 7. e4 Nc6 8. Be2 Bg4 9. Be3 Bxf3 10. Bxf3 e5 11. d5 Nd4 12. 0-0-0 Nxf3 13. gxf3 Ne8 14. h4 h5 15. Bg5 Qd7 16. Qb5 Qxb5 17. Nxb5 a6 18. Nc3 Nd6 19. Kd2 f5 20. Ke2 Rf7 21. Be3 Raf8 22. Rhg1 Kh7 23. exf5 Nxf5 24. Ne4 Bh6 25. d6 Nxe3 26. fxe3 Rxf3 27. Rg5 cxd6 28. Rxd6 Rh3 29. Rd7+ Bg7 30. Rxh5+ Kg8 31. Rg5 Rh2+ 32. Kd3 Rf7 33. Rd8+ Kh7 34. Rd6 Rf1 35. Rdxg6 Bh6 36. Rg2 Rxg2 37. Rxg2 Bf8 38. Rf2 Rxf2 39. Nxf2 Kg6 40. Ke4 Kh5 41. b3 Kxh4 42. Kxe5 Kg3 43. Ne4+ Kf3 44. Kd4 Bh6 45. Nc5 Bxe3+ 46. Kd5 b6 47. Nxa6 Ke2 48. Kc4 Kd2 49. Nb4 Kc1 50. Nd5 Bf2 51. Nb4 Bg1 52. Kc3 Bh2 53. Nd5 Bg1 54. b4 Kb1 55. a4 Ka2 56. Kc4 Ka3 57. Kb5 Kb3 58. Nxb6 Bf2 59. a5 1-0

[Event "Herzliya op"]
[Site "Herzliya"]
[Date "2008.09.04"]
[Round "3"]
[White "Zak, Uri"]
[Black "Zifroni, Dov"]
[Result "0-1"]
[WhiteElo "2208"]
[BlackElo "2489"]
[PlyCount "106"]
[EventDate "2008.09.02"]
[EventType "swiss"]
[EventRounds "9"]
[EventCountry "ISR"]
[SourceTitle "CBM 126 Extra"]
[Source "ChessBase"]
[SourceDate "2008.11.05"]
[SourceVersion "1"]
[SourceVersionDate "2008.11.05"]
[SourceQuality "1"]

1. e4 e6 2. d4 d5 3. exd5 exd5 4. Nf3 Bd6 5. c4 dxc4 6. Bxc4 Nf6 7. Qe2+ Qe7 8. Qxe7+ Bxe7 9. 0-0 0-0 10. Nc3 Nc6 11. Bf4 Bd6 12. Bxd6 cxd6 13. h3 Bf5 14. Rfe1 Rac8 15. Nd5 Nxd5 16. Bxd5 h6 17. Rac1 Bd7 18. a3 Rfe8 19. Re3 Kf8 20. Kf1 Ne7 21. Rxc8 Rxc8 22. Be4 Bb5+ 23. Bd3 Rc1+ 24. Ne1 Bxd3+ 25. Rxd3 Nd5 26. g3 b5 27. Ke2 g5 28. Rd2 Rb1 29. Ng2 Ke7 30. h4 Rg1 31. Ne1 gxh4 32. gxh4 Ke6 33. Nf3 Rh1 34. Rc2 Nf4+ 35. Kd2 Rh3 36. Rc3 Kd5 37. Kc2 Ne6 38. Kd2 a6 39. Re3 Nf4 40. Ne1 Rxh4 41. Nc2 Ne6 42. Nb4+ Kxd4 43. Rd3+ Ke5 44. Nc6+ Ke4 45. Rxd6 Rh2 46. Ke1 h5 47. Rd7 f6 48. Rd6 Nf4 49. Rxf6 h4 50. Nb4 a5 51. Nc2 Kd3 52. Kd1 Rxf2 53. Ne1+ Ke3 0-1

[Event "Herzliya op"]
[Site "Herzliya"]
[Date "2008.09.02"]
[Round "1"]
[White "Zak, Uri"]
[Black "Ben Porat, Zeev"]
[Result "1-0"]
[WhiteElo "2208"]
[BlackElo "2008"]
[PlyCount "107"]
[EventDate "2008.09.02"]
[EventType "swiss"]
[EventRounds "9"]
[EventCountry "ISR"]
[SourceTitle "CBM 126 Extra"]
[Source "ChessBase"]
[SourceDate "2008.11.05"]
[SourceVersion "1"]
[SourceVersionDate "2008.11.05"]
[SourceQuality "1"]

1. e4 e6 2. d3 d5 3. Nd2 Nf6 4. Ngf3 c5 5. g3 Nc6 6. Bg2 Bd6 7. 0-0 0-0 8. c3 Qc7 9. Nh4 dxe4 10. dxe4 Rd8 11. Qe2 e5 12. Nc4 Be6 13. Nf5 Be7 14. f4 b5 15. Nxe5 Nxe5 16. fxe5 Bc4 17. Nxe7+ Qxe7 18. exf6 Qe6 19. Qf2 Bxf1 20. Qxf1 Qxf6 21. Bf4 Qb6 22. Be3 b4 23. Qc4 Rac8 24. Rf1 Rc7 25. e5 bxc3 26. bxc3 Qe6 27. Qh4 f6 28. Be4 h6 29. c4 Qxe5 30. Re1 Qc3 31. Bf2 Kf8 32. Bd5 Re8 33. Rxe8+ Kxe8 34. Qe4+ Qe5 35. Qb1 Ke7 36. Kg2 f5 37. Qb8 Qd6 38. Be3 g5 39. Qg8 Qf6 40. Qb8 Qd6 41. Bf2 Qb6 42. Qg8 Qf6 43. a4 Kd7 44. a5 Ke7 45. Qb8 Qd6 46. Qb1 Qf6 47. Qb5 Qd6 48. Bf3 Rc8 49. Qb2 Kf7 50. Bd5+ Kg6 51. Qb7 Rc7 52. Qb8 Rd7 53. Qe8+ Kf6 54. Bxc5 1-0

[Event "EU-ch U18"]
[Site "Herceg Novi"]
[Date "2005.09.20"]
[Round "6"]
[White "Zak, Uri"]
[Black "Abdulov, Orkhan Javanshir"]
[Result "0-1"]
[WhiteElo "2117"]
[BlackElo "2322"]
[PlyCount "56"]
[EventDate "2005.09.14"]
[EventType "swiss"]
[EventRounds "9"]
[EventCountry "YUG"]
[SourceTitle "CBM 108 Extra"]
[Source "ChessBase"]
[SourceDate "2005.11.04"]
[SourceVersion "1"]
[SourceVersionDate "2005.11.04"]
[SourceQuality "1"]

1. e4 c5 2. Nf3 a6 3. c3 d6 4. d4 cxd4 5. cxd4 Nf6 6. Nc3 e6 7. Bd3 Nc6 8. 0-0 Be7 9. Qe2 e5 10. dxe5 dxe5 11. Rd1 Bd7 12. Nd5 0-0 13. Be3 Nxd5 14. exd5 Nd4 15. Nxd4 exd4 16. Bxd4 Bf6 17. Be4 Re8 18. Qd3 Bxd4 19. Qxd4 Qh4 20. Bf3 Re1+ 21. Rxe1 Qxd4 22. Re7 Rd8 23. Rae1 g6 24. b3 Kf8 25. h3 Qf6 26. R7e3 Rc8 27. d6 Qxd6 28. Rd1 Qc7 0-1

[Event "EU-ch U18"]
[Site "Herceg Novi"]
[Date "2005.09.17"]
[Round "4"]
[White "Zak, Uri"]
[Black "Vandenbussche, Thibaut"]
[Result "1-0"]
[WhiteElo "2117"]
[BlackElo "2191"]
[PlyCount "115"]
[EventDate "2005.09.14"]
[EventType "swiss"]
[EventRounds "9"]
[EventCountry "YUG"]
[SourceTitle "CBM 108 Extra"]
[Source "ChessBase"]
[SourceDate "2005.11.04"]
[SourceVersion "1"]
[SourceVersionDate "2005.11.04"]
[SourceQuality "1"]

1. e4 e6 2. d4 d5 3. Nc3 dxe4 4. Nxe4 Qd5 5. Nc3 Bb4 6. Nf3 Nf6 7. Bd3 b6 8. 0-0 Bxc3 9. bxc3 Bb7 10. c4 Qd6 11. Rb1 0-0 12. c5 Qd5 13. Ba3 Rd8 14. cxb6 axb6 15. Be7 Re8 16. Bxf6 gxf6 17. Rb5 c5 18. Rxb6 cxd4 19. Rb5 Qc6 20. Rh5 e5 21. Bxh7+ Kf8 22. Re1 Nd7 23. Be4 Qxe4 24. Rxe4 Bxe4 25. Rh8+ Ke7 26. Rxe8+ Kxe8 27. Nd2 Bd5 28. h4 Ke7 29. h5 Bxa2 30. h6 Rh8 31. Qh5 Be6 32. Nf3 Nf8 33. g4 Ng6 34. g5 f5 35. h7 Nf8 36. Nxe5 Rxh7 37. Qd1 Bd5 38. f3 Ne6 39. Qd2 Kd6 40. Qb4+ Kxe5 41. Qb8+ Nc7 42. Qxc7+ Ke6 43. f4 Rh1+ 44. Kf2 Rh2+ 45. Ke1 Be4 46. Qe5+ Kd7 47. Qxd4+ Ke7 48. c4 Rh1+ 49. Kd2 Rh2+ 50. Kc3 Rh1 51. Qf6+ Ke8 52. c5 Rc1+ 53. Kb4 Rb1+ 54. Ka5 Rc1 55. Kb6 Rb1+ 56. Kc7 Rb7+ 57. Kc8 Rd7 58. Qe5+ 1-0